00834nam a2200229Ia 4500003000400000005001700004008004100021020001500062040001800077041000800095082002200103100002800125245008800153250001200241260003500253300003000288650002700318650003100345942003100376999001900407952017800426OSt20250221093927.0210716s2004 xx 000 0 und d a8181281675 cAIMIT LIBRARY aeng a006.67121b HABM aHabibi, Mehran.9201593 aJava regular expressions : btaming the java util regex engine /cBy Mehran Habibi. a1st ed. aNew Delhi :bSpringer ,c2004. axvii,255p. ;bPBc24.5 cm aAdvanced regex9201594 aPractical examples9201595 2ddccBKe1stk006.671 HABM c187190d187190 00102ddc40708MCAaAIMITbAIMITeIntel Book Distributorsg325.00iBill no:2005/crb/0001117; Bill dl0o006.671 HABMpMCA06698r2026-05-23 00:00:00v260.00w2021-07-16yBK